[Event "XXX Olimpiadi"]
[Site "Manila PHI"]
[Date "1992.06.09"]
[Round "2.4"]
[White "Tatai, Stefano"]
[Black "Cvitan, Ognjen"]
[Result "1/2-1/2"]
[WhiteElo "2410"]
[BlackElo "2505"]
[Annotator "ITA-CRO"]
[PlyCount "51"]
[EventDate "1992.06.08"]

1. e4 c5 2. Nf3 e6 3. d4 cxd4 4. Nxd4 Nf6 5. Nc3 d6 6. g4 Nc6 7. g5 Nd7 8. Be3
Be7 9. h4 O-O 10. Qd2 a6 11. O-O-O Nxd4 12. Qxd4 b5 13. a3 Bb7 14. f4 Rc8 15.
Rh3 Nc5 16. Kb1 Qc7 17. Bg2 Na4 18. Bc1 Nxc3+ 19. Rxc3 Qb8 20. Bd2 Rfd8 21.
Rxc8 Rxc8 22. Bc3 Bf8 23. Bf1 Qc7 24. Bd3 Qc5 25. h5 Re8 26. Qg1 1/2-1/2

[Event "XXX Olimpiadi"]
[Site "Manila PHI"]
[Date "1992.06.10"]
[Round "3.3"]
[White "Reyes, Juan"]
[Black "Tatai, Stefano"]
[Result "1/2-1/2"]
[WhiteElo "2415"]
[BlackElo "2410"]
[Annotator "ITA-PER"]
[PlyCount "41"]
[EventDate "1992.06.08"]

1. e4 e5 2. Nf3 Nc6 3. Bb5 a6 4. Ba4 Nf6 5. O-O Be7 6. Re1 b5 7. Bb3 O-O 8. a4
Rb8 9. axb5 axb5 10. Nc3 d6 11. h3 Nd4 12. Nxd4 exd4 13. Nd5 Nxd5 14. Bxd5 Bf6
15. d3 Bd7 16. Bd2 c6 17. Bb3 Ra8 18. Qh5 Qe7 19. Bf4 Be6 20. Bxe6 Qxe6 21. Qg4
1/2-1/2

[Event "XXX Olimpiadi"]
[Site "Manila PHI"]
[Date "1992.06.10"]
[Round "3.4"]
[White "Braga, Fernando Alberto"]
[Black "Aguilar Novoa, Juan"]
[Result "1/2-1/2"]
[WhiteElo "2405"]
[BlackElo "2315"]
[Annotator "ITA-PER"]
[PlyCount "46"]
[EventDate "1992.06.08"]

1. d4 g6 2. e4 Bg7 3. Nf3 d6 4. Bc4 Nf6 5. Qe2 O-O 6. O-O c6 7. e5 Nd5 8. Re1
Bg4 9. Bb3 dxe5 10. dxe5 Nd7 11. c4 Nb4 12. Bd2 a5 13. Bc3 Nc5 14. Nbd2 Qc7 15.
h3 Bf5 16. Nd4 Nbd3 17. Nxf5 gxf5 18. Red1 Bxe5 19. Bc2 Bxc3 20. bxc3 Rad8 21.
Nf3 Nf4 22. Qe3 Ne4 23. Bxe4 fxe4 1/2-1/2

[Event "XXX Olimpiadi"]
[Site "Manila PHI"]
[Date "1992.06.11"]
[Round "4.1"]
[White "Garcia Palermo, Carlos Horacio"]
[Black "Cooper, John Grantley"]
[Result "0-1"]
[WhiteElo "2465"]
[BlackElo "2360"]
[Annotator "ITA-WLS"]
[PlyCount "78"]
[EventDate "1992.06.08"]

1. d4 d5 2. c4 e6 3. Nc3 c5 4. cxd5 exd5 5. Nf3 Nc6 6. g3 Nf6 7. Bg2 Be7 8. O-O
O-O 9. Bg5 cxd4 10. Nxd4 h6 11. Be3 Re8 12. a3 Bf8 13. Qb3 Re5 14. Rad1 Rh5 15.
f3 Bc5 16. Bf2 Qe7 17. e3 Re5 18. Na4 Bd6 19. Nb5 Bb8 20. Qc3 Bf5 21. Rfe1 Qe8
22. Nc5 Re7 23. Nd4 Be5 24. Qd2 Bg6 25. Rc1 Rb8 26. Bh3 Nxd4 27. exd4 Bc7 28.
Nd7 Nxd7 29. Rxe7 Qxe7 30. Rxc7 Ne5 31. Rc3 Nc4 32. Qf4 Re8 33. Bf1 Nxb2 34.
Bb5 Rf8 35. Qc7 Qf6 36. Qxb7 Nd1 37. Rc8 Rxc8 38. Qxc8+ Kh7 39. Qc6 Qxf3 0-1

[Event "XXX Olimpiadi"]
[Site "Manila PHI"]
[Date "1992.06.11"]
[Round "4.2"]
[White "Morris, Charles F."]
[Black "Arlandi, Ennio"]
[Result "0-1"]
[WhiteElo "2225"]
[BlackElo "2420"]
[Annotator "ITA-WLS"]
[PlyCount "102"]
[EventDate "1992.06.08"]

1. c4 e6 2. Nc3 d5 3. d4 Be7 4. Nf3 Nf6 5. Bg5 h6 6. Bxf6 Bxf6 7. e3 O-O 8. Rc1
c6 9. Bd3 Nd7 10. O-O dxc4 11. Bxc4 e5 12. h3 exd4 13. exd4 Nb6 14. Bb3 Bf5 15.
Re1 Re8 16. Rxe8+ Qxe8 17. Qd2 Qd7 18. Re1 Nd5 19. Ne5 Qd6 20. Nxd5 cxd5 21.
Qf4 Be6 22. Qf3 Rd8 23. Qd3 Qb4 24. Re2 Rc8 25. Bc2 Bxe5 26. Qh7+ Kf8 27. Rxe5
Qc4 28. Bd3 Qc1+ 29. Bf1 Rc2 30. Qh8+ Ke7 31. Qxg7 Rxb2 32. Qg3 Rxa2 33. Qb3
Qb2 34. Qe3 Qd2 35. Rh5 Qxe3 36. fxe3 a5 37. Rxh6 a4 38. Rh8 Rb2 39. Ra8 b5 40.
Bxb5 Rxb5 41. Rxa4 Rb2 42. Kf1 Bf5 43. Ra7+ Kf6 44. g4 Bd3+ 45. Kg1 Be4 46. g5+
Kg7 47. h4 Rg2+ 48. Kf1 Rh2 49. Re7 Rxh4 50. Kf2 Rg4 51. Re5 Kg6 0-1

[Event "XXX Olimpiadi"]
[Site "Manila PHI"]
[Date "1992.06.11"]
[Round "4.3"]
[White "Braga, Fernando Alberto"]
[Black "James, David"]
[Result "1-0"]
[WhiteElo "2405"]
[BlackElo "2275"]
[Annotator "ITA-WLS"]
[PlyCount "95"]
[EventDate "1992.06.08"]

1. d4 Nf6 2. c4 e6 3. Nf3 b6 4. g3 Ba6 5. b3 Bb4+ 6. Bd2 Be7 7. Bg2 c6 8. O-O
d5 9. Bf4 Nbd7 10. Nbd2 O-O 11. Re1 c5 12. e4 Nxe4 13. Nxe4 dxe4 14. Rxe4 Bb7
15. Re2 cxd4 16. Nxd4 Bxg2 17. Kxg2 Bf6 18. Rd2 Qc8 19. Be3 Ne5 20. Qe2 Rd8 21.
Rad1 Qb7+ 22. f3 Rd7 23. Kf2 Rad8 24. f4 Nc6 25. Nxc6 Rxd2 26. Rxd2 Rxd2 27.
Bxd2 Qxc6 28. Qf3 Qc8 29. Be3 h6 30. Ke2 Qd7 31. a4 Bc3 32. Qa8+ Kh7 33. Qe4+
g6 34. Qd3 Qxd3+ 35. Kxd3 Bb4 36. c5 bxc5 37. Kc4 a6 38. Bxc5 Ba5 39. b4 Bc7
40. b5 axb5+ 41. Kxb5 g5 42. Bb6 Bb8 43. fxg5 hxg5 44. a5 f5 45. a6 f4 46. Kc6
e5 47. Kb7 e4 48. Kxb8 1-0

[Event "XXX Olimpiadi"]
[Site "Manila PHI"]
[Date "1992.06.12"]
[Round "5.1"]
[White "Rogers, Ian"]
[Black "Godena, Michele"]
[Result "1/2-1/2"]
[WhiteElo "2550"]
[BlackElo "2425"]
[Annotator "ITA-AUS"]
[PlyCount "55"]
[EventDate "1992.06.08"]

1. d4 d5 2. c4 c6 3. Nf3 e6 4. Qc2 Nf6 5. g3 Be7 6. Bg2 O-O 7. O-O b6 8. Rd1
Bb7 9. b3 Nbd7 10. Nc3 Rc8 11. e4 dxe4 12. Nxe4 c5 13. Nxf6+ Bxf6 14. Ng5 Bxg5
15. Bxb7 Rc7 16. Be4 f5 17. d5 fxe4 18. dxe6 Bf6 19. Qxe4 Bxa1 20. e7 Qc8 21.
Qe6+ Kh8 22. Bf4 Bd4 23. Bxc7 Re8 24. Bd8 h6 25. Re1 Qb7 26. Qf5 Nf6 27. Re6
Kg8 28. Qg6 1/2-1/2

[Event "XXX Olimpiadi"]
[Site "Manila PHI"]
[Date "1992.06.12"]
[Round "5.2"]
[White "Arlandi, Ennio"]
[Black "West, Guy"]
[Result "1-0"]
[WhiteElo "2420"]
[BlackElo "2405"]
[Annotator "ITA-AUS"]
[PlyCount "134"]
[EventDate "1992.06.08"]

1. d4 d6 2. Nf3 Bg4 3. c4 Nd7 4. Qb3 Rb8 5. g3 e5 6. dxe5 dxe5 7. Bg2 c6 8. O-O
Qc7 9. Nbd2 Ngf6 10. h3 Bh5 11. g4 Bg6 12. Nh4 a5 13. Nxg6 hxg6 14. Rd1 Be7 15.
Qc2 O-O 16. b3 Rfd8 17. Bb2 g5 18. Nf3 Nh7 19. a3 Nhf8 20. Rd2 Bf6 21. Rad1 Ne6
22. e3 g6 23. b4 axb4 24. axb4 Nb6 25. Qe4 Rxd2 26. Rxd2 Nd7 27. Bf1 b6 28. Bg2
Bg7 29. Nh2 Rc8 30. Bc3 Ndf8 31. Nf1 Nd8 32. Ng3 Ra8 33. Qc2 Nfe6 34. Qd1 Ra7
35. Ne4 Qe7 36. c5 bxc5 37. Nxc5 Rc7 38. Na6 Ra7 39. Nc5 Rc7 40. Rd7 Qe8 41.
Rd3 Kh7 42. Be4 Nb7 43. Nxb7 Rxb7 44. Qa4 Nd8 45. Qa5 Rd7 46. Rxd7 Qxd7 47.
Bxe5 Qe7 48. Bxg7 Kxg7 49. Bf3 Kf6 50. Qb6 Ke5 51. Qd4+ Ke6 52. Bd1 Qd6 53.
Bb3+ Ke7 54. Qe4+ Kd7 55. Kg2 Kc7 56. Kf3 Qh2 57. Qe7+ Kc8 58. Qxg5 Qxh3+ 59.
Ke2 Qh8 60. Qc5 Qb2+ 61. Qc2 Qf6 62. Qc4 g5 63. b5 Kb7 64. bxc6+ Qxc6 65. Qxc6+
Kxc6 66. Kd3 Kd6 67. Ke4 Ke7 1-0

[Event "XXX Olimpiadi"]
[Site "Manila PHI"]
[Date "1992.06.12"]
[Round "5.3"]
[White "Wohl, Aleksandar H."]
[Black "Tatai, Stefano"]
[Result "1/2-1/2"]
[WhiteElo "2280"]
[BlackElo "2410"]
[Annotator "ITA-AUS"]
[PlyCount "54"]
[EventDate "1992.06.08"]

1. e4 e5 2. Nf3 Nc6 3. Bb5 a6 4. Ba4 Nf6 5. O-O Be7 6. Bxc6 dxc6 7. Qe1 c5 8.
b3 Nd7 9. Bb2 g6 10. d3 Nb8 11. Qe3 Nc6 12. Nbd2 Be6 13. Ne1 Qd7 14. f4 exf4
15. Qxf4 Nd4 16. Qe3 O-O-O 17. Ndf3 Rhe8 18. Rd1 Bf8 19. Qf2 Bg4 20. Rd2 Kb8
21. c3 Nxf3+ 22. Nxf3 f5 23. exf5 Bxf5 24. d4 cxd4 25. Nxd4 Be4 26. Rfd1 Bd6
27. Ba3 Qc8 1/2-1/2

[Event "XXX Olimpiadi"]
[Site "Manila PHI"]
[Date "1992.06.12"]
[Round "5.4"]
[White "D'Amore, Carlo"]
[Black "Davidovic, Aleksandar"]
[Result "1/2-1/2"]
[WhiteElo "2405"]
[BlackElo "2410"]
[Annotator "ITA-AUS"]
[PlyCount "48"]
[EventDate "1992.06.08"]

1. Nf3 Nf6 2. g3 e6 3. Bg2 d5 4. d3 b6 5. Nbd2 Bb7 6. e4 dxe4 7. Ng5 c5 8. O-O
Be7 9. dxe4 h6 10. Nh3 e5 11. f3 Qc7 12. c3 Nbd7 13. Re1 c4 14. Bf1 b5 15. a4
a6 16. axb5 axb5 17. Rxa8+ Bxa8 18. b3 cxb3 19. Qxb3 O-O 20. Nf2 Rb8 21. Kg2
Nc5 22. Qa2 Bc6 23. Nb1 Bd7 24. Ba3 Be6 1/2-1/2

[Event "XXX Olimpiadi"]
[Site "Manila PHI"]
[Date "1992.06.14"]
[Round "6.1"]
[White "Garcia Palermo, Carlos Horacio"]
[Black "Zueger, Beat"]
[Result "1-0"]
[WhiteElo "2465"]
[BlackElo "2420"]
[Annotator "ITA-SUI"]
[PlyCount "129"]
[EventDate "1992.06.08"]

1. d4 Nf6 2. c4 g6 3. Nc3 Bg7 4. e4 d6 5. f4 O-O 6. Nf3 Na6 7. Bd3 Bg4 8. Be3
c5 9. d5 Nc7 10. O-O e6 11. h3 Bxf3 12. Qxf3 exd5 13. exd5 Nd7 14. Bd2 f5 15.
Rae1 Qf6 16. a4 Rae8 17. Kh1 Qh4 18. Kh2 a6 19. g3 Qd8 20. a5 Rxe1 21. Rxe1 Re8
22. Rxe8+ Nxe8 23. Qe2 Kf8 24. Na4 Qe7 25. Qxe7+ Kxe7 26. g4 fxg4 27. hxg4 Kf7
28. b3 h6 29. Nc3 Bf6 30. Ne4 Bd8 31. g5 hxg5 32. Nxg5+ Bxg5 33. fxg5 Ne5 34.
Be4 Ng7 35. Bc3 Ne8 36. Kh3 Nd7 37. Bd2 Ng7 38. Bf4 Ne8 39. Kg3 Ne5 40. Kf2
Ng4+ 41. Ke2 Ne5 42. Kd2 Nd7 43. Kc3 Nf8 44. b4 cxb4+ 45. Kxb4 Ke7 46. c5 dxc5+
47. Kxc5 Nd7+ 48. Kd4 Nf8 49. Bc2 Nd6 50. Bd2 Nb5+ 51. Ke3 Nh7 52. Bb4+ Kf7 53.
Kf4 Nd4 54. Bd3 Nb5 55. Be4 Nd4 56. Bd3 Nb5 57. Bc4 Ke8 58. Bc5 Nc3 59. Bd6 Nb5
60. Bb4 Nd4 61. Bf1 Nb5 62. Bg2 Nc7 63. Be4 Kf7 64. Ke5 Nxg5 65. d6 1-0

[Event "XXX Olimpiadi"]
[Site "Manila PHI"]
[Date "1992.06.14"]
[Round "6.2"]
[White "Franzoni, Giancarlo"]
[Black "Godena, Michele"]
[Result "1/2-1/2"]
[WhiteElo "2440"]
[BlackElo "2425"]
[Annotator "ITA-SUI"]
[PlyCount "83"]
[EventDate "1992.06.08"]

1. e4 e5 2. Nf3 Nc6 3. Nc3 Nf6 4. Bb5 Nd4 5. Ba4 Bc5 6. Nxe5 O-O 7. Nd3 Bb6 8.
e5 Ne8 9. Nd5 d6 10. Ne3 dxe5 11. Nxe5 Qg5 12. Nd7 Bxd7 13. Bxd7 f5 14. c3 f4
15. cxd4 fxe3 16. dxe3 Qxg2 17. Rf1 Nf6 18. Be6+ Kh8 19. Bd2 Rad8 20. d5 Ne4
21. Qe2 Qxh2 22. Bc3 Nxc3 23. bxc3 c6 24. Rd1 cxd5 25. Bxd5 Bxe3 26. fxe3 Rxf1+
27. Kxf1 Rf8+ 28. Bf3 Qg3 29. Qf2 Qxf3 30. Qxf3 Rxf3+ 31. Ke2 Rf8 32. Rd7 Rb8
33. e4 Kg8 34. Ke3 Kf8 35. Kf4 a5 36. e5 Rc8 37. Rxb7 Rxc3 38. e6 Rc5 39. Rf7+
Kg8 40. Ra7 Kf8 41. Rf7+ Kg8 42. Rd7 1/2-1/2

[Event "XXX Olimpiadi"]
[Site "Manila PHI"]
[Date "1992.06.14"]
[Round "6.4"]
[White "Landenbergue, Claude"]
[Black "Braga, Fernando Alberto"]
[Result "1/2-1/2"]
[WhiteElo "2410"]
[BlackElo "2405"]
[Annotator "ITA-SUI"]
[PlyCount "36"]
[EventDate "1992.06.08"]

1. e4 c5 2. Nf3 Nc6 3. d4 cxd4 4. Nxd4 Nf6 5. Nc3 e5 6. Ndb5 d6 7. a4 a6 8. Na3
Be6 9. Bg5 Rc8 10. Bc4 Be7 11. Bxf6 Bxf6 12. Nd5 O-O 13. O-O Bg5 14. c3 Kh8 15.
Qe2 Be7 16. Rfd1 f5 17. Nxe7 Qxe7 18. Bxe6 Qxe6 1/2-1/2

[Event "XXX Olimpiadi"]
[Site "Manila PHI"]
[Date "1992.06.15"]
[Round "7.2"]
[White "Renet, Olivier"]
[Black "Arlandi, Ennio"]
[Result "1/2-1/2"]
[WhiteElo "2495"]
[BlackElo "2420"]
[Annotator "ITA-FRA"]
[PlyCount "171"]
[EventDate "1992.06.08"]

1. e4 e5 2. Nf3 Nf6 3. Nxe5 d6 4. Nf3 Nxe4 5. d4 d5 6. Bd3 Nc6 7. O-O Be7 8. c4
Nf6 9. cxd5 Nxd5 10. Nc3 O-O 11. a3 Bf6 12. Be4 Be6 13. Qd3 h6 14. Be3 Nce7 15.
Rac1 c6 16. Rfd1 Nb6 17. Bh7+ Kh8 18. Ne4 Nf5 19. Neg5 Bxg5 20. Bxf5 Bxf5 21.
Qxf5 Bf6 22. Bf4 Nd5 23. Be5 Bg5 24. Rc2 Qc8 25. Qd3 Re8 26. Re2 Kg8 27. Rde1
Qd7 28. Re4 Rad8 29. h4 Bf6 30. g4 g6 31. Kh2 Bxe5+ 32. dxe5 Nc7 33. Qe3 Qd3
34. h5 Qxe3 35. R1xe3 Ne6 36. Nh4 Rd2 37. Re2 Rxe2 38. Rxe2 gxh5 39. gxh5 Nf4
40. Re4 Nxh5 41. Nf5 Kh7 42. Nd6 Re7 43. f4 f5 44. Nxf5 Rf7 45. Ng3 Nxf4 46. e6
Nxe6 47. Rxe6 Rf2+ 48. Kh3 Rxb2 49. Kg4 Rb3 50. Re7+ Kg8 51. Nf5 Rxa3 52. Kh5
c5 53. Rd7 Ra1 54. Kg6 Rg1+ 55. Kf6 Kh8 56. Nxh6 Rf1+ 57. Nf5 b5 58. Rxa7 b4
59. Rb7 Ra1 60. Rb8+ Kh7 61. Rb7+ Kh8 62. Rb5 Ra6+ 63. Kf7 Ra7+ 64. Ne7 Kh7 65.
Rxc5 Kh6 66. Rb5 b3 67. Kf6 Ra6+ 68. Kf7 Ra7 69. Kf6 Ra6+ 70. Ke5 Kg5 71. Rxb3
Ra5+ 72. Nd5 Kg4 73. Rc3 Rb5 74. Kd4 Ra5 75. Rc4 Kg5 76. Ke5 Ra1 77. Nf6 Ra5+
78. Nd5 Ra1 79. Re4 Ra8 80. Nc7 Ra5+ 81. Ke6 Ra7 82. Nb5 Ra1 83. Nd6 Ra6 84.
Rc4 Rb6 85. Ke5 Ra6 86. Rc5 1/2-1/2

[Event "XXX Olimpiadi"]
[Site "Manila PHI"]
[Date "1992.06.15"]
[Round "7.3"]
[White "Braga, Fernando Alberto"]
[Black "Kouatly, Bachar"]
[Result "1/2-1/2"]
[WhiteElo "2405"]
[BlackElo "2515"]
[Annotator "ITA-FRA"]
[PlyCount "89"]
[EventDate "1992.06.08"]

1. d4 Nf6 2. Nf3 g6 3. Bg5 Bg7 4. Nbd2 O-O 5. e3 c5 6. c3 b6 7. Bd3 Ba6 8. Bxa6
Nxa6 9. Qe2 Qc8 10. O-O Qb7 11. e4 cxd4 12. Nxd4 d6 13. f4 Nc5 14. Rae1 Rae8
15. Kh1 Nfd7 16. Bh4 a6 17. N4f3 b5 18. e5 dxe5 19. fxe5 Qd5 20. c4 Qd3 21.
cxb5 axb5 22. Ne4 Qxe2 23. Rxe2 Nd3 24. Nc3 b4 25. Nd5 e6 26. Nf6+ Bxf6 27.
Bxf6 Nf4 28. Re4 Nd5 29. Bg5 Kg7 30. Rh4 h5 31. Bd2 Rb8 32. g4 hxg4 33. Bh6+
Kg8 34. Bxf8 Rxf8 35. Rxg4 Ne3 36. Rd4 Nxf1 37. Rxd7 Ne3 38. Rb7 Nd5 39. Ng5
Ra8 40. a3 bxa3 41. bxa3 Rxa3 42. Nxf7 Ne3 43. Kg1 Ra2 44. h4 Nf5 45. Ng5
1/2-1/2

[Event "XXX Olimpiadi"]
[Site "Manila PHI"]
[Date "1992.06.15"]
[Round "7.4"]
[White "Bricard, Emmanuel"]
[Black "D'Amore, Carlo"]
[Result "0-1"]
[WhiteElo "2430"]
[BlackElo "2405"]
[Annotator "ITA-FRA"]
[PlyCount "76"]
[EventDate "1992.06.08"]

1. Nf3 Nf6 2. g3 g6 3. b3 Bg7 4. Bb2 d6 5. Bg2 O-O 6. c4 e5 7. d3 c5 8. O-O Nc6
9. Nc3 Nh5 10. Nd2 f5 11. e3 Be6 12. Nd5 Qd7 13. f4 Rae8 14. Qc2 Kh8 15. a3 Nf6
16. Rae1 Bg8 17. Bc3 h6 18. Qb2 g5 19. b4 cxb4 20. axb4 Nxd5 21. cxd5 Ne7 22.
fxg5 Nxd5 23. e4 Nxc3 24. gxh6 Bxh6 25. Qxc3 Rc8 26. Qb2 f4 27. gxf4 Bxf4 28.
Nf3 Qh7 29. d4 Rc7 30. Rf2 Rg7 31. d5 Bf7 32. Kf1 Be8 33. b5 a6 34. bxa6 bxa6
35. Qa3 Bb5+ 36. Kg1 Bxh2+ 37. Nxh2 Rxf2 38. Kxf2 Qh4+ 0-1

[Event "XXX Olimpiadi"]
[Site "Manila PHI"]
[Date "1992.06.16"]
[Round "8.2"]
[White "Tatai, Stefano"]
[Black "Hector, Jonny"]
[Result "1/2-1/2"]
[WhiteElo "2410"]
[BlackElo "2535"]
[Annotator "ITA-SWE"]
[PlyCount "123"]
[EventDate "1992.06.08"]

1. e4 e5 2. Nf3 Nc6 3. Bb5 a6 4. Bxc6 dxc6 5. O-O Qd6 6. d3 Ne7 7. Nbd2 b5 8.
Nb3 Ng6 9. Be3 Be7 10. d4 O-O 11. c3 f5 12. dxe5 Qxd1 13. Raxd1 fxe4 14. Nfd2
Nxe5 15. Nxe4 Nc4 16. Bc1 Be6 17. Nbc5 Bd5 18. b3 Nd6 19. Nxd6 Bxd6 20. Be3
Rfe8 21. Nd3 a5 22. Rd2 a4 23. b4 a3 24. Rfd1 Bc4 25. Bd4 Re7 26. Be3 h6 27.
Ne1 Be5 28. Rc1 Bd5 29. Nd3 Be6 30. Nf4 Bc4 31. Ne2 Rae8 32. Nd4 Bf4 33. Nc2
Bxe3 34. Nxe3 Bf7 35. h3 c5 36. bxc5 Re5 37. Nc2 Rxc5 38. Nxa3 Ra8 39. Nb1 Bxa2
40. Rb2 c6 41. Nd2 Bd5 42. f3 Ra3 43. Rbc2 Bf7 44. Ne4 Re5 45. Kf2 Bg6 46. Ke3
Ra8 47. Rb1 Ra4 48. Rb4 Ra1 49. Rd2 Rc1 50. Rd3 Re8 51. g4 Bf7 52. Kf4 Bc4 53.
Re3 Rf8+ 54. Kg3 Bd5 55. Nd6 Rg1+ 56. Kf2 Rh1 57. Nf5 Kh7 58. Ne7 Rd1 59. Nxd5
Rxd5 60. Rbe4 Rf7 61. c4 Rd2+ 62. Kg3 1/2-1/2

[Event "XXX Olimpiadi"]
[Site "Manila PHI"]
[Date "1992.06.16"]
[Round "8.3"]
[White "Cramling, Pia"]
[Black "Braga, Fernando Alberto"]
[Result "0-1"]
[WhiteElo "2520"]
[BlackElo "2405"]
[Annotator "ITA-SWE"]
[PlyCount "67"]
[EventDate "1992.06.08"]

1. d4 Nf6 2. Nf3 d5 3. c4 e6 4. Nc3 c6 5. Bg5 h6 6. Bxf6 Qxf6 7. e3 Nd7 8. Bd3
g6 9. cxd5 exd5 10. O-O Bg7 11. b4 Qd6 12. Qb3 O-O 13. b5 Rd8 14. Rfc1 Nb8 15.
h3 Bf8 16. Rab1 Be6 17. Qc2 Rc8 18. Qe2 c5 19. dxc5 Rxc5 20. Nd4 Nd7 21. Na4
Rxc1+ 22. Rxc1 Bg7 23. Qd2 Qa3 24. Nxe6 fxe6 25. Qc2 g5 26. Rd1 Rf8 27. Be2 Nf6
28. Bf3 b6 29. Rd3 Qb4 30. Nc3 Ne4 31. Ne2 Qe1+ 32. Kh2 Be5+ 33. Ng3 Nxg3 34.
Rxd5 0-1

[Event "XXX Olimpiadi"]
[Site "Manila PHI"]
[Date "1992.06.16"]
[Round "8.4"]
[White "D'Amore, Carlo"]
[Black "Brynell, Stellan"]
[Result "1/2-1/2"]
[WhiteElo "2405"]
[BlackElo "2410"]
[Annotator "ITA-SWE"]
[PlyCount "69"]
[EventDate "1992.06.08"]

1. Nf3 Nf6 2. g3 d5 3. Bg2 e6 4. d3 Be7 5. Nbd2 c5 6. e4 Nc6 7. O-O Qc7 8. Re1
b6 9. exd5 Nxd5 10. a4 Bb7 11. Nc4 O-O 12. c3 Rad8 13. Qb3 Rb8 14. Bd2 Ba8 15.
Na3 a6 16. Qc4 Na5 17. Qg4 Nf6 18. Qf4 Qd8 19. Ne5 Bxg2 20. Kxg2 Nb3 21. Rad1
Nxd2 22. Rxd2 Qc7 23. Qf3 Rfc8 24. Rde2 Bd6 25. Nac4 Bxe5 26. Nxe5 Qb7 27. c4
Qc7 28. Rd1 b5 29. axb5 axb5 30. b3 bxc4 31. bxc4 h6 32. d4 cxd4 33. Rxd4 Rd8
34. Rxd8+ Rxd8 35. h3 1/2-1/2

[Event "XXX Olimpiadi"]
[Site "Manila PHI"]
[Date "1992.06.17"]
[Round "9.2"]
[White "Barua, Dibyendu"]
[Black "Arlandi, Ennio"]
[Result "1/2-1/2"]
[WhiteElo "2555"]
[BlackElo "2420"]
[Annotator "ITA-IND"]
[PlyCount "61"]
[EventDate "1992.06.08"]

1. e4 e5 2. Nf3 Nf6 3. Nxe5 d6 4. Nf3 Nxe4 5. d4 d5 6. Bd3 Nc6 7. O-O Be7 8.
Re1 Bg4 9. c3 f5 10. Nbd2 O-O 11. Qb3 Kh8 12. Qxb7 Rf6 13. Qb3 Rb8 14. Qc2 Bd6
15. Bf1 Nxd2 16. Nxd2 Bxh2+ 17. Kxh2 Rh6+ 18. Kg1 Qh4 19. f3 Qxe1 20. Nb3 Rh5
21. Qd2 Qh4 22. Qf4 Ne7 23. Bd2 Ng6 24. Qxc7 Rf8 25. Be2 f4 26. fxg4 Qh2+ 27.
Kf1 Rh6 28. Bf3 Re8 29. Qd7 Qh1+ 30. Kf2 Qh4+ 31. Kf1 1/2-1/2

[Event "XXX Olimpiadi"]
[Site "Manila PHI"]
[Date "1992.06.17"]
[Round "9.3"]
[White "Braga, Fernando Alberto"]
[Black "Thipsay, Praveen Mahadeo"]
[Result "1-0"]
[WhiteElo "2405"]
[BlackElo "2500"]
[Annotator "ITA-IND"]
[PlyCount "71"]
[EventDate "1992.06.08"]

1. d4 Nf6 2. c4 g6 3. Nc3 Bg7 4. e4 d6 5. f4 O-O 6. Nf3 c5 7. dxc5 Qa5 8. Bd3
Qxc5 9. Qe2 Bg4 10. Be3 Qa5 11. O-O Nc6 12. Rac1 Rfc8 13. Bb1 Nd7 14. Rfd1 Qh5
15. Qf2 e5 16. Ne2 Bxf3 17. gxf3 exf4 18. Nxf4 Qe5 19. b3 Nf6 20. Ne2 Qe7 21.
Nc3 a6 22. Bd3 Qf8 23. Bf1 Bh6 24. Rc2 Ne5 25. Bh3 Re8 26. Rcd2 Rad8 27. Bg2
Nh5 28. Nd5 Bxe3 29. Qxe3 f5 30. f4 Nc6 31. Re2 Nf6 32. Qd3 fxe4 33. Bxe4 Nxd5
34. Bxd5+ Kg7 35. Qc3+ Kh6 36. Rd3 1-0

[Event "XXX Olimpiadi"]
[Site "Manila PHI"]
[Date "1992.06.17"]
[Round "9.4"]
[White "Babu, N. Sudhakar"]
[Black "D'Amore, Carlo"]
[Result "1/2-1/2"]
[WhiteElo "2365"]
[BlackElo "2405"]
[Annotator "ITA-IND"]
[PlyCount "130"]
[EventDate "1992.06.08"]

1. d4 Nf6 2. c4 c5 3. d5 e6 4. Nc3 exd5 5. cxd5 d6 6. Nf3 g6 7. e4 Bg7 8. Bg5
O-O 9. Nd2 a6 10. a4 Re8 11. Be2 Nbd7 12. O-O Rb8 13. Qc2 h6 14. Bh4 Qc7 15. f4
c4 16. Bxc4 b5 17. axb5 axb5 18. Bd3 b4 19. Nd1 Qxc2 20. Bxc2 Nc5 21. Re1 Ba6
22. Bf2 Nfd7 23. Ra5 Rec8 24. e5 Bd3 25. Rxc5 Nxc5 26. Bxc5 Rxc5 27. Bxd3 Rxd5
28. Nf2 dxe5 29. Nf3 exf4 30. Bc4 Rc5 31. b3 g5 32. h4 Kf8 33. Ne4 Rxc4 34.
bxc4 g4 35. Nfd2 b3 36. Kf1 b2 37. Rb1 Rc8 38. Ke2 f5 39. Nd6 Rc5 40. Kd3 Re5
41. Rf1 Ke7 42. Nb5 Re3+ 43. Kc2 Be5 44. c5 Re2 45. c6 Rxg2 46. Re1 Kf6 47. c7
Bxc7 48. Nxc7 f3 49. Nd5+ Kf7 50. Nf4 Rh2 51. Kd3 Rxh4 52. Ke3 Kf6 53. Rb1 Kg5
54. Rxb2 Rh1 55. Rb5 h5 56. Rb6 Kh4 57. Rh6 Kg5 58. Rg6+ Kh4 59. Rh6 Kg5 60.
Rh8 h4 61. Rh5+ Kf6 62. Rh6+ Kg7 63. Rg6+ Kh7 64. Rg5 Re1+ 65. Kf2 Rd1 1/2-1/2

[Event "XXX Olimpiadi"]
[Site "Manila PHI"]
[Date "1992.06.18"]
[Round "10.1"]
[White "Short, Nigel D."]
[Black "Garcia Palermo, Carlos Horacio"]
[Result "0-1"]
[WhiteElo "2685"]
[BlackElo "2465"]
[Annotator "ITA-ENG"]
[PlyCount "80"]
[EventDate "1992.06.08"]

1. e4 c6 2. d4 d5 3. e5 Bf5 4. Nf3 e6 5. Be2 c5 6. O-O Nc6 7. c3 cxd4 8. cxd4
Nge7 9. b3 Be4 10. Nbd2 Nf5 11. Bb2 Bb4 12. g4 Bxf3 13. Nxf3 Nfe7 14. Ne1 h5
15. gxh5 Nf5 16. Nc2 Qg5+ 17. Kh1 Bd2 18. Rg1 Qf4 19. Rg2 g6 20. hxg6 fxg6 21.
Bg4 Nh4 22. Rg3 Qxf2 23. Qf1 Qf4 24. Qd3 Nf5 25. Rg2 Ba5 26. Rf1 Qe4 27. Qxe4
dxe4 28. Bxf5 gxf5 29. Rg6 O-O-O 30. Rxe6 Rh3 31. Rg6 Bc3 32. Bc1 Bxd4 33. Nxd4
Nxd4 34. Bf4 Ne2 35. e6 Rf3 36. Re1 Nxf4 37. Rc1+ Kb8 38. e7 Re8 39. Rd6 Rd3
40. Rf6 Rd7 0-1

[Event "XXX Olimpiadi"]
[Site "Manila PHI"]
[Date "1992.06.18"]
[Round "10.4"]
[White "Braga, Fernando Alberto"]
[Black "Hodgson, Julian M."]
[Result "1-0"]
[WhiteElo "2405"]
[BlackElo "2580"]
[Annotator "ITA-ENG"]
[PlyCount "120"]
[EventDate "1992.06.08"]

1. e4 c5 2. Nf3 d6 3. d4 cxd4 4. Qxd4 Bd7 5. c4 Nc6 6. Qd2 g6 7. Nc3 Bg7 8. b3
Bg4 9. Be2 Bxf3 10. Bxf3 Nd4 11. Bd1 b5 12. Bb2 bxc4 13. bxc4 Ne6 14. Ba4+ Kf8
15. O-O Nf6 16. Rfe1 Ng4 17. Nd5 Nc5 18. Bd1 Ne5 19. Bc2 e6 20. Nb4 Rc8 21.
Rad1 a5 22. Nd3 Nexd3 23. Bxd3 Bxb2 24. Qxb2 e5 25. Bf1 Kg7 26. Rd5 Rc6 27.
Red1 Qe7 28. f3 Ra8 29. Qd2 Raa6 30. Rb1 Qa7 31. Kh1 a4 32. h3 Rab6 33. Rb5 Ne6
34. Kh2 Qb8 35. Qa5 Nc5 36. Be2 h5 37. Bd1 a3 38. Be2 Qc7 39. Qxa3 Qe7 40. Rd1
Ra6 41. Qb2 h4 42. Bf1 Ra7 43. a3 Qg5 44. Rb8 Qe7 45. Kh1 Rca6 46. Ra1 Qc7 47.
Rb4 Ra8 48. Rb5 Qa7 49. Qd2 Qe7 50. Qb2 R6a7 51. Rb8 Rxb8 52. Qxb8 Rb7 53. Qc8
Rb2 54. a4 Nb3 55. Qb8 Qg5 56. Rd1 Qg3 57. a5 Qf2 58. Qxd6 Rd2 59. Qxe5+ Kh7
60. Rb1 Nd4 1-0

[Event "XXX Olimpiadi"]
[Site "Manila PHI"]
[Date "1992.06.20"]
[Round "11.2"]
[White "Stohl, Igor"]
[Black "Godena, Michele"]
[Result "1-0"]
[WhiteElo "2560"]
[BlackElo "2425"]
[Annotator "ITA-CSR"]
[PlyCount "85"]
[EventDate "1992.06.08"]

1. c4 Nf6 2. Nc3 c6 3. e4 e5 4. Nf3 d6 5. d4 Nbd7 6. Be2 Be7 7. O-O O-O 8. Be3
Re8 9. Qc2 exd4 10. Nxd4 Bf8 11. Rad1 Qc7 12. Rfe1 Nc5 13. Bf3 a5 14. Bf4 Nfd7
15. Be2 Ne5 16. b3 Bd7 17. Bg3 Qb6 18. a3 Rad8 19. Kh1 Bc8 20. f3 Be7 21. Bf2
Qc7 22. Bf1 Bf8 23. b4 axb4 24. axb4 Ne6 25. Nb3 Bd7 26. Na4 b5 27. cxb5 cxb5
28. Qxc7 Nxc7 29. Nc3 Rb8 30. h3 d5 31. Nc5 Bxc5 32. Bxc5 Na6 33. Bd6 Rb6 34.
Rxd5 Nc4 35. Bc7 Nxc7 36. Rxd7 Ne6 37. Bxc4 bxc4 38. Nd5 Rb5 39. Rc1 h5 40.
Rxc4 Ra8 41. h4 Nf8 42. Ne7+ Kh7 43. Rd5 1-0